Statistiques concernant Cette année-là: 1811

Cliquez ici pour prendre le quiz!

Statistiques générales

  • Ce quiz a été pris 11 fois
    (9 depuis la dernière actualisation)
  • Le résultat moyen est 4 sur 10

Statistiques - réponses

Indice Réponse % Correct
20 mars: Je naît et deviens Roi de Rome.Napoléon Bonaparte
100%
1er mars: Esclaves guerriers au pouvoir depuis des siècles, nous sommes massacrés au Caire.Mamelouks
50%
18 septembre: Cette brigade, chargée de la lutte contre les incendies, est créée dans la capitale.Sapeurs-pompiers de Paris
50%
14 juillet: Scientifique italien, j'énonce une loi fondamentale en chimie.Amadeo Avogadro
38%
4 août-18 septembre: Cette île est conquise par les Britanniques sur les Hollandais alliés de l'Empereur.Java
38%
16 mai: A la bataille d'Albuera, ces cavaliers font un carnage dans les rangs ennemis.Lanciers polonais
25%
11 mars: Ce mouvement ouvrier s'attaque aux machines dans les usines anglaisesLuddistes
13%
Avril: La Russie proteste contre l'annexion de ce Duché par la France 5 mois plus tôt (rupture des relations Franco-russes)Duché d'Oldenbourg
13%
30 mai: Albrecht Berblinger fait une démonstration de cet appareil devant le Roi de Bavière.Planeur
13%
7 novembre: Chef indien des Shawnees, ma tribu est attaquée par les Etats Unis à Tippecanoe.Tecumseh
13%

Distribution des résultats

Percentile by Number Answered

% des personnes avec chaque résultat

Votre développement - résultats

Vous n’avez pas pris ce quiz depuis la dernière actualisation